000
00339pab a2200145 454500
008
180718b1997 xxu||||| |||| 00| 0 eng d
100
_a
Shah, M.G.
245
_a
Pollution technology and education
260
_c
1997
300
_a
p.119-20
362
_a
Golden Jublee Number
650
_a
Pollution
773
_a
Janata
909
_a
35495
999
_c
35495
_d
35495